<?xml version="1.0" encoding="UTF-8"?>
<record
    xmlns:xsi="http://www.w3.org/2001/XMLSchema-instance"
    xsi:schemaLocation="http://www.loc.gov/MARC21/slim http://www.loc.gov/standards/marcxml/schema/MARC21slim.xsd"
    xmlns="http://www.loc.gov/MARC21/slim">

  <leader>01437cam a2200337 i 4500</leader>
  <controlfield tag="001">20151988</controlfield>
  <controlfield tag="003">OSt</controlfield>
  <controlfield tag="005">20260316124306.0</controlfield>
  <controlfield tag="008">171122s2018    ilu           001 0 eng  </controlfield>
  <datafield tag="010" ind1=" " ind2=" ">
    <subfield code="a">  2017052040</subfield>
  </datafield>
  <datafield tag="020" ind1=" " ind2=" ">
    <subfield code="a">9781433549878</subfield>
    <subfield code="q">tp</subfield>
  </datafield>
  <datafield tag="035" ind1=" " ind2=" ">
    <subfield code="a">20151988</subfield>
  </datafield>
  <datafield tag="040" ind1=" " ind2=" ">
    <subfield code="a">DLC</subfield>
    <subfield code="b">eng</subfield>
    <subfield code="c">DLC</subfield>
    <subfield code="e">rda</subfield>
    <subfield code="d">DLC</subfield>
  </datafield>
  <datafield tag="042" ind1=" " ind2=" ">
    <subfield code="a">pcc</subfield>
  </datafield>
  <datafield tag="050" ind1="0" ind2="0">
    <subfield code="a">BT130</subfield>
    <subfield code="b">.W549 2018</subfield>
  </datafield>
  <datafield tag="082" ind1="0" ind2="0">
    <subfield code="a">231/.4</subfield>
    <subfield code="2">23</subfield>
  </datafield>
  <datafield tag="100" ind1="1" ind2=" ">
    <subfield code="a">Wilkin, Jen,</subfield>
    <subfield code="d">1969-</subfield>
    <subfield code="e">author.</subfield>
  </datafield>
  <datafield tag="245" ind1="1" ind2="0">
    <subfield code="a">In His image :</subfield>
    <subfield code="b">10 ways God calls us to reflect his character /</subfield>
    <subfield code="c">Jen Wilkin.</subfield>
  </datafield>
  <datafield tag="264" ind1=" " ind2="1">
    <subfield code="a">Wheaton, Illinois :</subfield>
    <subfield code="b">Crossway,</subfield>
    <subfield code="c">[2018]</subfield>
  </datafield>
  <datafield tag="300" ind1=" " ind2=" ">
    <subfield code="a">167 pages ;</subfield>
    <subfield code="c">21 cm</subfield>
  </datafield>
  <datafield tag="336" ind1=" " ind2=" ">
    <subfield code="a">text</subfield>
    <subfield code="b">txt</subfield>
    <subfield code="2">rdacontent</subfield>
  </datafield>
  <datafield tag="337" ind1=" " ind2=" ">
    <subfield code="a">unmediated</subfield>
    <subfield code="b">n</subfield>
    <subfield code="2">rdamedia</subfield>
  </datafield>
  <datafield tag="338" ind1=" " ind2=" ">
    <subfield code="a">volume</subfield>
    <subfield code="b">nc</subfield>
    <subfield code="2">rdacarrier</subfield>
  </datafield>
  <datafield tag="500" ind1=" " ind2=" ">
    <subfield code="a">Includes index.</subfield>
  </datafield>
  <datafield tag="505" ind1="0" ind2=" ">
    <subfield code="a">Asking the better question -- God most holy -- God most loving -- God most good -- God most just -- God most merciful -- God most gracious -- God most faithful -- God most patient -- God most truthful -- God most wise -- Engraved with his image.</subfield>
  </datafield>
  <datafield tag="650" ind1=" " ind2="0">
    <subfield code="a">God (Christianity)</subfield>
    <subfield code="x">Attributes.</subfield>
  </datafield>
  <datafield tag="776" ind1="0" ind2="8">
    <subfield code="i">Online version:</subfield>
    <subfield code="a">Wilkin, Jen, 1969- author.</subfield>
    <subfield code="t">In His image</subfield>
    <subfield code="d">Wheaton : Crossway, 2018</subfield>
    <subfield code="z">9781433549885</subfield>
    <subfield code="w">(DLC) 2018011739</subfield>
  </datafield>
  <datafield tag="906" ind1=" " ind2=" ">
    <subfield code="a">7</subfield>
    <subfield code="b">cbc</subfield>
    <subfield code="c">orignew</subfield>
    <subfield code="d">1</subfield>
    <subfield code="e">ecip</subfield>
    <subfield code="f">20</subfield>
    <subfield code="g">y-gencatlg</subfield>
  </datafield>
  <datafield tag="942" ind1=" " ind2=" ">
    <subfield code="2">lcc</subfield>
    <subfield code="c">BK</subfield>
  </datafield>
  <datafield tag="999" ind1=" " ind2=" ">
    <subfield code="c">21462</subfield>
    <subfield code="d">21461</subfield>
  </datafield>
  <datafield tag="952" ind1=" " ind2=" ">
    <subfield code="0">0</subfield>
    <subfield code="1">0</subfield>
    <subfield code="2">lcc</subfield>
    <subfield code="7">0</subfield>
    <subfield code="a">KABU</subfield>
    <subfield code="b">KABU</subfield>
    <subfield code="c">GEN</subfield>
    <subfield code="d">2026-03-16</subfield>
    <subfield code="e">Donation</subfield>
    <subfield code="i">2025/3421</subfield>
    <subfield code="l">0</subfield>
    <subfield code="o">BT130 .W549 2018 C.1</subfield>
    <subfield code="p">38457</subfield>
    <subfield code="r">2026-03-16 12:44:07</subfield>
    <subfield code="t">C.1</subfield>
    <subfield code="w">2026-03-16</subfield>
    <subfield code="y">BK</subfield>
  </datafield>
  <datafield tag="952" ind1=" " ind2=" ">
    <subfield code="0">0</subfield>
    <subfield code="1">0</subfield>
    <subfield code="2">lcc</subfield>
    <subfield code="7">0</subfield>
    <subfield code="a">KABU</subfield>
    <subfield code="b">KABU</subfield>
    <subfield code="c">GEN</subfield>
    <subfield code="d">2026-03-16</subfield>
    <subfield code="e">Donation</subfield>
    <subfield code="i">2025/3423</subfield>
    <subfield code="l">0</subfield>
    <subfield code="o">BT130 .W549 2018 C.2</subfield>
    <subfield code="p">38456</subfield>
    <subfield code="r">2026-03-16 12:44:00</subfield>
    <subfield code="t">C.2</subfield>
    <subfield code="w">2026-03-16</subfield>
    <subfield code="y">BK</subfield>
  </datafield>
  <datafield tag="952" ind1=" " ind2=" ">
    <subfield code="0">0</subfield>
    <subfield code="1">0</subfield>
    <subfield code="2">lcc</subfield>
    <subfield code="7">0</subfield>
    <subfield code="a">KABU</subfield>
    <subfield code="b">KABU</subfield>
    <subfield code="c">GEN</subfield>
    <subfield code="d">2026-03-16</subfield>
    <subfield code="e">Donation</subfield>
    <subfield code="i">2025/3432</subfield>
    <subfield code="l">0</subfield>
    <subfield code="o">BT130 .W549 2018 C.3</subfield>
    <subfield code="p">38455</subfield>
    <subfield code="r">2026-03-16 12:46:33</subfield>
    <subfield code="t">C.3</subfield>
    <subfield code="w">2026-03-16</subfield>
    <subfield code="y">BK</subfield>
  </datafield>
</record>
